Normal view
MARC view
- Crystals
Entry Topical Term
001 - CONTROL NUMBER
- control field: 103852
003 - CONTROL NUMBER IDENTIFIER
- control field: NUST
005 - DATE AND TIME OF LATEST TRANSACTION
- control field: 20221201090552.0
008 - FIXED-LENGTH DATA ELEMENTS
- fixed length control field: 221201|| aca||aabn | a|a d
040 ## - CATALOGING SOURCE
- Original cataloging agency: NUST
- Transcribing agency: NUST
150 ## - HEADING--TOPICAL TERM
- Topical term or geographic name entry element: Crystals
- General subdivision: Spectra
670 ## - SOURCE DATA FOUND
- Source citation: Work cat.: (NUST)183965: Decius, J. C. 103851, Molecular vibrations in crystals / , c1977.
